| 000 | 00683nam a2200205Ia 4500 | ||
|---|---|---|---|
| 003 | GCL | ||
| 008 | 140319s9999 xx 000 0 ara d | ||
| 040 |
_aGCL / _cGCL |
||
| 082 | 0 | 4 |
_a621.380423 _bب ا |
| 245 | 1 | 0 | _aالاقمار الصناعية للاتصالات تقنية الاتصالات عبر الفضاء |
| 260 |
_a[S.N] : _bالدار العربية للعلوم ، _c1989 |
||
| 300 | _a183 ص | ||
| 490 | _a | ||
| 650 | 0 | 4 | _aالفضاء |
| 650 | 0 | 4 | _aالاتصالات |
| 650 | 0 | 4 | _aالاتصالات السلكية واللاسلكية |
| 650 | 0 | 4 | _aالاتصالات الالكترونية |
| 650 | 0 | 4 | _aالاقمار الصناعية |
| 942 |
_2ddc _cBK |
||
| 999 |
_c53407 _d53407 |
||